000 00522nam a22001931a 4500
001 1302
003 OSt
005 20260204211728.0
008 040119s1999||||dr ||||||b||||||||||spa||
050 _a387.7 M831r
082 _a387.7 M831r
100 _aMoreta Castillo, Américo
245 _aResponsabilidad del transportista aereo de pasajero / Américo Moreta Castillo
264 _aSanto Domingo : UNIBE
300 _a184 p.
500 _aIncluye bibliografía.
650 _a1.Transporte AereoÌ
942 _2ddc
_cBK
999 _c1302
_d1302